Pequeños poemas en prosa

Αποθηκεύτηκε σε:
Λεπτομέρειες βιβλιογραφικής εγγραφής
Κύριος συγγραφέας: Baudelaire, Charles
Μορφή: Βιβλίο
Γλώσσα:Undetermined
Έκδοση: Buenos Aires, Argentina Espasa-Calpe 1948
Θέματα:
Ετικέτες: Προσθήκη ετικέτας
Δεν υπάρχουν, Καταχωρήστε ετικέτα πρώτοι!

MARC

LEADER 00000nam a2200000Ia 4500
008 170316s9999 xx 000 0 und d
040 |a cru BVZT 
090 |a 840 B-3p 
100 |a Baudelaire, Charles 
245 |a Pequeños poemas en prosa 
260 |a Buenos Aires, Argentina 
260 |b Espasa-Calpe 
260 |c 1948 
300 |a 179 páginas 
650 |a LITERATURA FRANCESA 
999 |c 7537  |d 7537 
942 |c 15 D  |h 840 B-3p  |2 z